Category Elimination - Video Games Consoles #1 - Statistics

General Stats
  • This quiz has been taken 4,637 times
    3,425 since last reset
  • The average score is 13 of 20
Answer Stats
Groupe # Catégorie % Correct
Green 27 Console sold more than 10 million units...
100%
Green 19 ...wich is a home console...
99%
Blue 13 Nintendo Console...
89%
Orange 24 Handheld console...
88%
Blue 8 ...commercialized after 1995...
87%
Orange 20 ...commercialized in all the world...
86%
Blue 5 ...with a joystick (or a gamepad)...
84%
Purple 32 Japanese console...
83%
Orange 10 ...with at least one Sonic game...
81%
Purple 18 ...with at least one Puzzle Bobble game...
78%
Orange 4 ...wich can take pictures (with or without accessories)...
73%
Green 3 ...commercialized before 1987...
69%
Green 2 ...but after 1980...
66%
Purple 9 ...whose manufacturer's name begins with "S"...
62%
Blue 2 ...without Professor Layton game...
56%
Orange 1 ...and with at least "P" in its name: PlayStation Portable
53%
Blue 1 ...but with a Pikmin game: Game Cube
48%
Green 1 ...and not by Nintendo: Master System
17%
Purple 3 ...but it's not from Sega or Sony...
6%
Purple 1 ...and wich is a handheld console: Neo Geo Pocket
4%
No matching quizzes found
Score Distribution
Percent of People with Each Score
Percentile by Number Answered
Your Score History
You have not taken this quiz since the last reset